000 01256nam a2200265Ia 4500
999 _c56219
_d56219
001 23320
003 GE_BSU
005 20251218211848.0
008 181216s2005||||ge |||||||||||||| ||geo||
020 _a99940-51-26-1
040 _cGE_BSU
041 _ageo
080 _a94(479.22:560)"14 მ-44
100 _aმახარაძე, მირიან
_91541
245 _aსაქართველო-ოსმალეთის ურთიერთობები XV საუკუნეში /
_cმირიან მახარაძე ; რედ.: გიული ალასანია.
264 _aთბილისი :
_bუნივერსალი,
_c2005.
300 _a171 გვ. ;
_c 20 სმ.
504 _aბიბლიოგრ.: გვ. 152-157
520 _aრეზ. ინგლ. ენ.
541 _h7 ლ.
653 _aსაქართველო-ოსმალეთის ურთიერთობები XV საუკუნეში
653 _aსაქართველო-ოსმალეთის ურთიერთობის ისტორია, XV ს
700 _aალასანია, გიული
_eრედაქტორი
_913521
942 _cBK
_2udc